<?xml version="1.0" encoding="UTF-8"?><?xml-stylesheet type="text/xsl" href="static/style.xsl"?><OAI-PMH xmlns="http://www.openarchives.org/OAI/2.0/" xmlns:xsi="http://www.w3.org/2001/XMLSchema-instance" xsi:schemaLocation="http://www.openarchives.org/OAI/2.0/ http://www.openarchives.org/OAI/2.0/OAI-PMH.xsd"><responseDate>2026-06-01T09:02:57Z</responseDate><request verb="GetRecord" identifier="oai:riuma.uma.es:10630/31364" metadataPrefix="marc">https://riuma.uma.es/rest/oai/request</request><GetRecord><record><header><identifier>oai:riuma.uma.es:10630/31364</identifier><datestamp>2026-02-03T10:51:26Z</datestamp><setSpec>com_10630_2254</setSpec><setSpec>col_10630_37953</setSpec></header><metadata><record xmlns="http://www.loc.gov/MARC21/slim" xmlns:dcterms="http://purl.org/dc/terms/" xmlns:doc="http://www.lyncode.com/xoai" xmlns:xsi="http://www.w3.org/2001/XMLSchema-instance" xsi:schemaLocation="http://www.loc.gov/MARC21/slim http://www.loc.gov/standards/marcxml/schema/MARC21slim.xsd">
   <leader>00925njm 22002777a 4500</leader>
   <datafield ind2=" " ind1=" " tag="042">
      <subfield code="a">dc</subfield>
   </datafield>
   <datafield ind2=" " ind1=" " tag="720">
      <subfield code="a">Rubio-Perea, Engracia María</subfield>
      <subfield code="e">author</subfield>
   </datafield>
   <datafield ind2=" " ind1=" " tag="260">
      <subfield code="c">2008</subfield>
   </datafield>
   <datafield ind2=" " ind1=" " tag="520">
      <subfield code="a">En el presente trabajo nos proponemos analizar aquellos rasgos innovadores fruto de los procesos de mezcla demográfica y dialectal que acaecen a partir del periodo de Reconquista cristiana. Para llevar a cabo este estudio, hemos empleado el Electronic Texts and Concordances of Andalusian Documents editado por Cynthia J. Kauffeld. Este corpus cuenta con un total de 89 documentos, principalmente de Sevilla (S) y Córdoba (C), datados entre 1324 y 1500. A lo largo de estas páginas examinaremos aquellos rasgos lingüísticos que, bien por su datación o bien por la evolución de sus resultados, pueden ser&#xd;
significativos para la descripción de la lengua de estos documentos.</subfield>
   </datafield>
   <datafield ind1="8" ind2=" " tag="024">
      <subfield code="a">https://llm.umontreal.ca/public/FAS/llm/Documents/2-Recherche/TinkuyNo10.pdf</subfield>
   </datafield>
   <datafield ind1="8" ind2=" " tag="024">
      <subfield code="a">https://hdl.handle.net/10630/31364</subfield>
   </datafield>
   <datafield tag="653" ind2=" " ind1=" ">
      <subfield code="a">Español - Andalucía - S. XIV-XV</subfield>
   </datafield>
   <datafield tag="653" ind2=" " ind1=" ">
      <subfield code="a">Filología española</subfield>
   </datafield>
   <datafield ind2="0" ind1="0" tag="245">
      <subfield code="a">Rasgos lingüísticos en textos andaluces (1324-1500).</subfield>
   </datafield>
</record>
</metadata></record></GetRecord></OAI-PMH>